Library Banner

Urban design : (Record no. 118345)

MARC details
000 -LEADER
fixed length control field 00619cam a2200205 i 4500
001 - CONTROL NUMBER
control field 19206081
005 - DATE AND TIME OF LATEST TRANSACTION
control field 20200831182049.0
008 - FIXED-LENGTH DATA ELEMENTS--GENERAL INFORMATION
fixed length control field 160804s2017 nyuab b 001 0 eng
020 ## - INTERNATIONAL STANDARD BOOK NUMBER
International Standard Book Number 9781138188358 (pbk.)
040 ## - CATALOGING SOURCE
Transcribing agency PK-LaUMT
082 00 - DEWEY DECIMAL CLASSIFICATION NUMBER
Classification number 711.4
Edition number 23
Item number LAN-U
100 1# - MAIN ENTRY--PERSONAL NAME
Personal name Lang, Jon T.
245 10 - TITLE STATEMENT
Title Urban design :
Remainder of title a typology of procedures and products : illustrated with over 50 case studies /
Statement of responsibility, etc by Jon Lang
250 ## - EDITION STATEMENT
Edition statement 2nd ed.
260 ## - PUBLICATION, DISTRIBUTION, ETC. (IMPRINT)
Place of publication, distribution, etc New York :
Name of publisher, distributor, etc Routledge,
Date of publication, distribution, etc 2017
300 ## - PHYSICAL DESCRIPTION
Extent xvii, 236 p. :
Other physical details illustrations, maps ;
Dimensions 28 cm
650 #0 - SUBJECT ADDED ENTRY--TOPICAL TERM
Topical term or geographic name as entry element City planning.
650 #0 - SUBJECT ADDED ENTRY--TOPICAL TERM
Topical term or geographic name as entry element City planning
942 ## - ADDED ENTRY ELEMENTS (KOHA)
Koha item type Books
Holdings
Withdrawn status Lost status Damaged status Home library Current library Date acquired Full call number Barcode Date last seen Price effective from Koha item type
      UMT Main Campus UMT Main Campus 2020-08-31 711.4 LAN-U 134698 2022-03-21 2020-08-31 Books